| 000 | 00364nam a2200145Ia 4500 | ||
|---|---|---|---|
| 008 | 150201s2002 xx 000 0 und d | ||
| 082 |
_a603 _bT2002M |
||
| 100 | _aTABER | ||
| 245 | _aTABERS CYCLOPEDIC MEDICAL DICTIONARY | ||
| 250 | _a19TH | ||
| 260 |
_bJAYPEE MEDICAL PUBLISHER _aNEW DELHI _c2002 |
||
| 300 | _a1-1411 | ||
| 650 | _aDICTIONARIES | ||
| 942 |
_2ddc _cBK |
||
| 999 |
_c2560 _d2560 |
||